[Event "SLO-chT 24th"]
[Site "Slovenia"]
[Date "2014.11.16"]
[Round "3.1"]
[White "Markocic, Tine"]
[Black "Dizdar, Selim"]
[Result "0-1"]
[WhiteElo "2033"]
[BlackElo "2304"]
[PlyCount "70"]
[EventDate "2014.11.14"]
[EventType "team-tourn"]
[EventRounds "9"]
[EventCountry "SLO"]
[SourceTitle "EXT 2016"]
[Source "ChessBase"]
[SourceDate "2015.10.08"]
[SourceVersion "1"]
[SourceVersionDate "2015.10.08"]
[SourceQuality "1"]
[WhiteTeam "Nova Gorica"]
[BlackTeam "Branik"]
[WhiteTeamCountry "SLO"]
[BlackTeamCountry "SLO"]

1. e4 e6 2. d4 d5 3. Nc3 Bb4 4. e5 Bf8 5. Bd3 b6 6. Nce2 Ba6 7. c3 Bxd3 8. Qxd3 c5 9. f4 Nc6 10. Nf3 c4 11. Qc2 Nge7 12. Be3 Nf5 13. Bf2 h5 14. Ng3 Nce7 15. Nxf5 Nxf5 16. g3 Qd7 17. h3 0-0-0 18. Ke2 Be7 19. g4 Nh6 20. Rag1 Rdg8 21. Be3 Bd8 22. Qb1 Kb7 23. Bd2 Be7 24. Qc2 a5 25. Ng5 hxg4 26. hxg4 f5 27. gxf5 Nxf5 28. Rxh8 Rxh8 29. Nf3 Qe8 30. Qd1 Rh3 31. Qe1 Qh5 32. Qf2 Bh4 33. Qg2 Bg3 34. Kf1 Rh2 35. Nxh2 Qd1+ 0-1

[Event "SLO-chT"]
[Site "Celje"]
[Date "2003.11.22"]
[Round "8"]
[White "Serdt, Simon"]
[Black "Dizdar, Selim"]
[Result "1-0"]
[WhiteElo "2228"]
[BlackElo "2351"]
[PlyCount "68"]
[EventDate "2003.11.17"]
[EventType "team-swiss"]
[EventRounds "9"]
[EventCountry "SLO"]
[SourceTitle "CBM 097 Extra"]
[Source "ChessBase"]
[SourceDate "2004.01.13"]
[SourceVersion "1"]
[SourceVersionDate "2004.01.13"]
[SourceQuality "1"]

1. d4 Nf6 2. Bg5 e6 3. Nf3 Be7 4. e3 Ne4 5. Bxe7 Qxe7 6. Nbd2 f5 7. Bd3 d5 8. Ne5 0-0 9. 0-0 Nd7 10. f4 Nxe5 11. fxe5 Qb4 12. Nb3 b6 13. a3 Qe7 14. Rc1 Bb7 15. Bxe4 dxe4 16. c4 c5 17. Qe1 Rad8 18. Rd1 Bc6 19. Qc3 Ba4 20. d5 exd5 21. Rxd5 Bc6 22. Rxd8 Qxd8 23. Nc1 Qd7 24. b4 Qe7 25. Ne2 g5 26. Ng3 f4 27. Nh5 f3 28. Nf6+ Kg7 29. gxf3 exf3 30. e4 g4 31. h3 Rd8 32. hxg4 Rd4 33. Qxf3 Qxe5 34. Nh5+ Kh6 1-0

[Event "SLO-chT"]
[Site "Celje"]
[Date "2003.11.18"]
[Round "3"]
[White "Dizdar, Selim"]
[Black "Barle, Janez"]
[Result "0-1"]
[WhiteElo "2351"]
[BlackElo "2370"]
[PlyCount "49"]
[EventDate "2003.11.17"]
[EventType "team-swiss"]
[EventRounds "9"]
[EventCountry "SLO"]
[SourceTitle "CBM 097 Extra"]
[Source "ChessBase"]
[SourceDate "2004.01.13"]
[SourceVersion "1"]
[SourceVersionDate "2004.01.13"]
[SourceQuality "1"]

1. c4 Nc6 2. d4 e5 3. Nf3 d5 4. Nc3 exd4 5. Nxd4 Nxd4 6. Qxd4 dxc4 7. Qxc4 c6 8. Be3 Be6 9. Qd4 Qa5 10. g3 Nf6 11. Bg2 Ng4 12. 0-0 Nxe3 13. Qxe3 Bc5 14. Qf4 0-0 15. Ne4 Be7 16. b4 Qb6 17. Rfc1 Rad8 18. Nc5 Bf6 19. a4 Bxa1 20. a5 Qb5 21. Rxa1 Qxe2 22. Bf3 Qb2 23. Re1 Rd4 24. Be4 Rxb4 25. Rc1 0-1

[Event "Bled op-A 23rd"]
[Site "Bled"]
[Date "2002.07.06"]
[Round "5"]
[White "Dizdar, Selim"]
[Black "Krivec, Jana"]
[Result "1/2-1/2"]
[WhiteElo "2380"]
[BlackElo "2253"]
[PlyCount "145"]
[EventDate "2002.07.02"]
[EventType "swiss"]
[EventRounds "9"]
[EventCountry "SLO"]
[SourceTitle "CBM 089 Extra"]
[Source "ChessBase"]
[SourceDate "2002.09.10"]
[SourceVersion "2"]
[SourceVersionDate "2002.09.10"]
[SourceQuality "1"]

1. c4 e5 2. a3 Nf6 3. Nc3 d5 4. cxd5 Nxd5 5. Nf3 Nc6 6. Qb3 Nb6 7. e3 Be6 8. Qc2 f5 9. d3 a5 10. b3 Be7 11. Bb2 Bf6 12. Be2 0-0 13. 0-0 g5 14. d4 exd4 15. Rad1 g4 16. Nxd4 Nxd4 17. exd4 c6 18. Rfe1 Qd7 19. Bd3 Bg7 20. d5 Nxd5 21. Na4 Qf7 22. Bxg7 Kxg7 23. Nc5 Rae8 24. Bc4 b6 25. Nd3 b5 26. Ne5 Qf6 27. Bf1 Rc8 28. Qc5 Rc7 29. a4 Rb8 30. Nxc6 bxa4 31. bxa4 Rb6 32. Bb5 Qc3 33. Qd4+ Qxd4 34. Nxd4 Kf6 35. Rc1 Rxc1 36. Rxc1 Nb4 37. Nxe6 Rxe6 38. g3 Re7 39. Rc5 Ra7 40. h3 gxh3 41. Kh2 Kg5 42. Kxh3 Kf6 43. Kg2 Kg6 44. Kf3 Kf6 45. Kf4 Ke6 46. Re5+ Kd6 47. Rxf5 Nd5+ 48. Kg5 Ke6 49. g4 Rg7+ 50. Kh4 Rc7 51. Rh5 Nf6 52. Rh6 Rc1 53. g5 Rh1+ 54. Kg3 Rg1+ 55. Kf4 Rg4+ 56. Kf3 Rxg5 57. Bd3 Rg7 58. Ke3 Rb7 59. Bb5 Rg7 60. Kd4 Rc7 61. Bd3 Rd7+ 62. Kc4 Ke5 63. f4+ Ke6 64. Bc2 Rb7 65. Kc3 Rb4 66. f5+ Ke5 67. Rh1 Ne4+ 68. Bxe4 Rxe4 69. Kb3 Rb4+ 70. Ka3 Rf4 71. Rxh7 Rxf5 72. Rb7 Kd4 73. Rb5 1/2-1/2

[Event "Bled op-A 23rd"]
[Site "Bled"]
[Date "2002.07.04"]
[Round "3"]
[White "Illijin, Neboisa"]
[Black "Dizdar, Selim"]
[Result "1/2-1/2"]
[WhiteElo "2240"]
[BlackElo "2380"]
[PlyCount "46"]
[EventDate "2002.07.02"]
[EventType "swiss"]
[EventRounds "9"]
[EventCountry "SLO"]
[SourceTitle "CBM 089 Extra"]
[Source "ChessBase"]
[SourceDate "2002.09.10"]
[SourceVersion "2"]
[SourceVersionDate "2002.09.10"]
[SourceQuality "1"]

1. Nf3 c5 2. c4 b6 3. g3 Bb7 4. Bg2 Nc6 5. 0-0 Nd4 6. e3 Nxf3+ 7. Bxf3 Bxf3 8. Qxf3 Nf6 9. Nc3 Rb8 10. d4 e6 11. d5 d6 12. dxe6 fxe6 13. e4 Be7 14. e5 dxe5 15. Qe2 0-0 16. Qxe5 Qd7 17. Re1 Ng4 18. Qxe6+ Qxe6 19. Rxe6 Bf6 20. Bf4 Rbe8 21. Rxe8 Rxe8 22. h3 Bxc3 23. bxc3 Ne5 1/2-1/2

[Event "Ljubljana op 7th"]
[Site "Ljubljana"]
[Date "1996.??.??"]
[Round "3"]
[White "Barle, Janez"]
[Black "Dizdar, Selim"]
[Result "1/2-1/2"]
[WhiteElo "2430"]
[BlackElo "2400"]
[PlyCount "55"]
[EventDate "1996.06.??"]
[EventType "swiss"]
[EventRounds "9"]
[EventCountry "SLO"]
[SourceTitle "CBM 053 Extra"]
[Source "ChessBase"]
[SourceDate "1996.09.01"]
[SourceVersion "1"]
[SourceVersionDate "1996.09.01"]
[SourceQuality "1"]

1. Nf3 e6 2. c4 Nf6 3. Nc3 Bb4 4. Qc2 0-0 5. b3 d5 6. e3 b6 7. Be2 Bb7 8. Bb2 Nbd7 9. 0-0 Ne4 10. cxd5 exd5 11. Nd4 Bxc3 12. dxc3 c5 13. Nf3 Qe7 14. c4 Rad8 15. Rad1 Ndf6 16. Ba1 Rd6 17. cxd5 Bxd5 18. Ne5 Rfd8 19. f3 Ng5 20. Rd3 Bb7 21. Rfd1 Rxd3 22. Rxd3 Rxd3 23. Bxd3 Nd5 24. Qd2 Ne6 25. Bc4 Ndc7 26. Qd3 Qe8 27. Qf5 Ba6 28. Qd3 1/2-1/2

[Event "Ljubljana op 7th"]
[Site "Ljubljana"]
[Date "1996.??.??"]
[Round "6"]
[White "Dizdar, Selim"]
[Black "Butala, Marjan"]
[Result "1-0"]
[WhiteElo "2400"]
[BlackElo "2280"]
[PlyCount "37"]
[EventDate "1996.06.??"]
[EventType "swiss"]
[EventRounds "9"]
[EventCountry "SLO"]
[SourceTitle "CBM 053 Extra"]
[Source "ChessBase"]
[SourceDate "1996.09.01"]
[SourceVersion "1"]
[SourceVersionDate "1996.09.01"]
[SourceQuality "1"]

1. c4 c5 2. Nf3 Nf6 3. d4 e6 4. Nc3 a6 5. e4 cxd4 6. Nxd4 Bb4 7. Bd3 Qc7 8. 0-0 Nc6 9. Nxc6 dxc6 10. Be3 Bxc3 11. bxc3 c5 12. f4 e5 13. fxe5 Qxe5 14. Qc2 0-0 15. Bf4 Qh5 16. e5 Ng4 17. Qe2 Bf5 18. Bxf5 Qxf5 19. h3 1-0

[Event "Bled op 17th"]
[Site "Bled"]
[Date "1996.??.??"]
[Round "3"]
[White "Dizdar, Selim"]
[Black "Savchenko, Stanislav"]
[Result "0-1"]
[WhiteElo "2400"]
[BlackElo "2585"]
[PlyCount "100"]
[EventDate "1996.03.??"]
[EventType "swiss"]
[EventRounds "9"]
[EventCountry "SLO"]
[SourceTitle "CBM 051 Extra"]
[Source "ChessBase"]
[SourceDate "1996.05.01"]
[SourceVersion "1"]
[SourceVersionDate "1996.05.01"]
[SourceQuality "1"]

1. c4 e5 2. Nc3 Nc6 3. Nf3 Bb4 4. g3 Nf6 5. Bg2 0-0 6. 0-0 e4 7. Ng5 Bxc3 8. bxc3 Re8 9. d3 exd3 10. exd3 h6 11. Nh3 d6 12. Nf4 Ne5 13. Nd5 Bg4 14. f3 Bf5 15. Nb4 c5 16. f4 Nxc4 17. Nc2 Bg4 18. Bf3 Bxf3 19. Qxf3 Na5 20. g4 Qd7 21. Ne3 Nc6 22. g5 hxg5 23. fxg5 Ne5 24. Qg3 Nh5 25. Qh4 g6 26. Nd5 Rac8 27. c4 Qg4+ 28. Qxg4 Nxg4 29. Rb1 b6 30. Rb2 Re6 31. Rg2 Ne5 32. Bb2 Nxd3 33. Nf6+ Nxf6 34. Bxf6 Rce8 35. Rg4 Re4 36. Rxe4 Rxe4 37. Rf3 Nf4 38. Ra3 Nh5 39. Rxa7 Nxf6 40. gxf6 Rxc4 41. Ra8+ Kh7 42. Rf8 g5 43. Rxf7+ Kg6 44. Rd7 Rg4+ 45. Kh1 Rf4 46. Rxd6 Rxf6 47. Rd5 c4 48. Kg2 c3 49. Rd1 c2 50. Rc1 Rc6 0-1

[Event "Bled op 17th"]
[Site "Bled"]
[Date "1996.??.??"]
[Round "1"]
[White "Dizdar, Selim"]
[Black "Zugaj, Fjodor"]
[Result "1-0"]
[WhiteElo "2400"]
[BlackElo "2180"]
[PlyCount "53"]
[EventDate "1996.03.??"]
[EventType "swiss"]
[EventRounds "9"]
[EventCountry "SLO"]
[SourceTitle "CBM 051 Extra"]
[Source "ChessBase"]
[SourceDate "1996.05.01"]
[SourceVersion "1"]
[SourceVersionDate "1996.05.01"]
[SourceQuality "1"]

1. c4 e6 2. e4 c5 3. Nc3 Nc6 4. Nf3 Be7 5. d4 cxd4 6. Nxd4 d6 7. Be3 Nf6 8. Be2 0-0 9. 0-0 Bd7 10. Ndb5 Qb8 11. Bf4 Ne5 12. c5 Bxb5 13. Bxb5 dxc5 14. Bg3 a6 15. Be2 Bd8 16. f4 Nc6 17. e5 Ne8 18. Ne4 b6 19. f5 exf5 20. e6 Qb7 21. Bc4 fxe6 22. Bxe6+ Kh8 23. Qd5 Nf6 24. Rxf5 Be7 25. Nxf6 Bxf6 26. Rh5 Rad8 27. Rxh7+ 1-0

[Event "Bled op 17th"]
[Site "Bled"]
[Date "1996.??.??"]
[Round "8"]
[White "Grosar, Kiti"]
[Black "Dizdar, Selim"]
[Result "0-1"]
[WhiteElo "2225"]
[BlackElo "2400"]
[PlyCount "120"]
[EventDate "1996.03.??"]
[EventType "swiss"]
[EventRounds "9"]
[EventCountry "SLO"]
[SourceTitle "CBM 051 Extra"]
[Source "ChessBase"]
[SourceDate "1996.05.01"]
[SourceVersion "1"]
[SourceVersionDate "1996.05.01"]
[SourceQuality "1"]

1. e4 e6 2. d4 d5 3. e5 c5 4. c3 Nc6 5. Nf3 Qb6 6. a3 c4 7. Nbd2 Na5 8. g3 Bd7 9. h4 Ne7 10. Bh3 h6 11. 0-0 0-0-0 12. Rb1 Qc7 13. Ne1 Ng8 14. Ng2 Bc6 15. Nf4 Qd7 16. Qf3 Qe8 17. Qe2 Ba4 18. Nf3 Kb8 19. h5 Ne7 20. Nh4 Nc8 21. Re1 Be7 22. Nfg2 Bb3 23. Be3 Qg8 24. Rbc1 Ba4 25. f4 g5 26. hxg6 fxg6 27. Qg4 g5 28. fxg5 hxg5 29. Nf3 Rxh3 30. Qxh3 g4 31. Qh5 Be8 32. Qh2 gxf3 33. Nf4 Qg4 34. Kf2 Bg5 35. Rh1 Bxf4 36. Bxf4 Nb3 37. Rce1 Qf5 38. Kxf3 Bg6 39. Re3 Rg8 40. g4 Qf7 41. Ke2 Bd3+ 42. Kd1 Rxg4 43. Bg3 Be4 44. Rg1 Rg8 45. Qf2 Qh5+ 46. Qe2 Qxe2+ 47. Kxe2 Nb6 48. Ke1 Na4 49. Re2 Nc1 50. Rh2 Nxb2 51. Rh6 Bf5 52. Bh2 Rxg1+ 53. Bxg1 Nb3 54. Be3 Na4 55. Bd2 Kc7 56. Rf6 Kc6 57. Rf7 a5 58. Rg7 b6 59. Rg8 Na1 60. Rf8 Nc2+ 0-1

[Event "Portoroz op"]
[Site "Portoroz"]
[Date "1996.??.??"]
[Round "?"]
[White "Hulak, Krunoslav"]
[Black "Dizdar, Selim"]
[Result "1-0"]
[WhiteElo "2545"]
[BlackElo "2400"]
[PlyCount "119"]
[EventDate "1996.03.??"]
[EventType "swiss"]
[EventRounds "9"]
[EventCountry "SLO"]
[SourceTitle "CBM 051 Extra"]
[Source "ChessBase"]
[SourceDate "1996.05.01"]
[SourceVersion "1"]
[SourceVersionDate "1996.05.01"]
[SourceQuality "1"]

1. d4 Nf6 2. c4 e6 3. g3 Bb4+ 4. Bd2 Qe7 5. Nf3 Nc6 6. Nc3 0-0 7. Bg2 d5 8. a3 Bxc3 9. Bxc3 Rd8 10. 0-0 Ne4 11. Qc2 a5 12. b3 Bd7 13. Bb2 Be8 14. Rac1 Rac8 15. Rfd1 f6 16. Nd2 Nxd2 17. Rxd2 Bg6 18. Qc3 Rd7 19. Rdd1 Rcd8 20. e3 h5 21. h4 Bf5 22. Qe1 a4 23. b4 Bg4 24. f3 Bf5 25. b5 Na7 26. e4 dxe4 27. fxe4 Bg4 28. Rd3 c5 29. d5 exd5 30. cxd5 Nxb5 31. e5 fxe5 32. Bxe5 Nd6 33. Qc3 b6 34. Re3 Nf5 35. Ree1 Rxd5 36. Bxd5+ Rxd5 37. Qc4 Qf7 38. Qxa4 Rd3 39. Rc3 Qd5 40. Qe4 Qxe4 41. Rxe4 Rxc3 42. Bxc3 Nxg3 43. Re3 Ne2+ 44. Kf2 Nxc3 45. Rxc3 Bd7 46. Rd3 Ba4 47. Rd5 Be8 48. Ke3 Kf7 49. Rxh5 Ke6 50. Rg5 g6 51. Ke4 Kd6 52. Rd5+ Kc6 53. Ke5 Kc7 54. Kf6 c4 55. Re5 Ba4 56. Re4 b5 57. Ke5 Bc2 58. Re3 Kb6 59. Kd4 Bf5 60. Kc3 1-0

[Event "Portoroz op"]
[Site "Portoroz"]
[Date "1996.??.??"]
[Round "?"]
[White "Mihevc Mohr, Narcisa"]
[Black "Dizdar, Selim"]
[Result "0-1"]
[WhiteElo "2250"]
[BlackElo "2400"]
[PlyCount "108"]
[EventDate "1996.03.??"]
[EventType "swiss"]
[EventRounds "9"]
[EventCountry "SLO"]
[SourceTitle "CBM 051 Extra"]
[Source "ChessBase"]
[SourceDate "1996.05.01"]
[SourceVersion "1"]
[SourceVersionDate "1996.05.01"]
[SourceQuality "1"]

1. e4 e6 2. d4 d5 3. Nd2 Nf6 4. e5 Nfd7 5. Bd3 c5 6. c3 Nc6 7. Ngf3 cxd4 8. cxd4 a5 9. 0-0 a4 10. Re1 Nb6 11. Nf1 Be7 12. Ng3 h5 13. h3 Bd7 14. Be2 h4 15. Nf1 Na7 16. N3h2 Bb5 17. Bh5 Nc6 18. Be2 Bxe2 19. Rxe2 Nc4 20. Ne3 b5 21. Nf3 Qb6 22. Nc2 b4 23. Ne3 Qb5 24. Ng4 Rh5 25. Bf4 Rf5 26. Be3 Kf8 27. Kh2 Kg8 28. Rc2 b3 29. axb3 Qxb3 30. Re2 Qxd1 31. Rxd1 Rb8 32. Bc1 N6a5 33. Ne3 Nxe3 34. Bxe3 Nc4 35. Bc1 Rb3 36. Ne1 f6 37. exf6 Bxf6 38. Nf3 Kf7 39. Rde1 Rb6 40. Kg1 Rxf3 41. gxf3 Bxd4 42. Rd1 Bf6 43. Rd3 Nxb2 44. Ra3 Rb4 45. Ra2 Nc4 46. Kg2 Bc3 47. Rec2 d4 48. Kf1 Kf6 49. f4 Kf5 50. Ke2 Ke4 51. f3+ Kd5 52. Kd3 Rb3 53. Ke2 a3 54. Kd1 Nb2+ 0-1

[Event "Bled op 17th"]
[Site "Bled"]
[Date "1996.??.??"]
[Round "2"]
[White "Tukmakov, Vladimir B"]
[Black "Dizdar, Selim"]
[Result "1/2-1/2"]
[WhiteElo "2595"]
[BlackElo "2400"]
[PlyCount "92"]
[EventDate "1996.03.??"]
[EventType "swiss"]
[EventRounds "9"]
[EventCountry "SLO"]
[SourceTitle "CBM 051 Extra"]
[Source "ChessBase"]
[SourceDate "1996.05.01"]
[SourceVersion "1"]
[SourceVersionDate "1996.05.01"]
[SourceQuality "1"]

1. Nf3 e6 2. g3 c5 3. Bg2 Nc6 4. c4 Nf6 5. 0-0 a6 6. d4 cxd4 7. Nxd4 Bc5 8. Nxc6 bxc6 9. Nc3 d5 10. e4 0-0 11. exd5 exd5 12. cxd5 Nxd5 13. Nxd5 cxd5 14. Qxd5 Qxd5 15. Bxd5 Rb8 16. Bb3 Rb7 17. Be3 Bxe3 18. fxe3 Re8 19. Rac1 Bh3 20. Rfd1 h5 21. Rc3 Re5 22. Rd4 g5 23. e4 Kg7 24. Rd5 Rxe4 25. Rxg5+ Kh6 26. Rcc5 f5 27. Rg8 Rbe7 28. Bc4 Rd4 29. Rh8+ Kg7 30. Rhc8 Rd1+ 31. Kf2 Rd2+ 32. Kf3 Kf6 33. R5c6+ Kg7 34. R6c7 Kf6 35. Rf8+ Kg7 36. Rxe7+ Kxf8 37. Rf7+ Ke8 38. Ra7 Bg4+ 39. Ke3 Rxb2 40. Rxa6 Rxh2 41. a4 h4 42. gxh4 Rxh4 43. Bb5+ Ke7 44. Kf4 Rh2 45. Ke5 Rd2 46. Ra8 Rd5+ 1/2-1/2

[Event "Ljubljana op 6th"]
[Site "Ljubljana"]
[Date "1995.??.??"]
[Round "5"]
[White "Dizdar, Selim"]
[Black "Susnik, Matej"]
[Result "1-0"]
[WhiteElo "2400"]
[BlackElo "2190"]
[PlyCount "81"]
[EventDate "1995.06.??"]
[EventType "swiss"]
[EventRounds "9"]
[EventCountry "SLO"]
[SourceTitle "EXT 1998"]
[Source "ChessBase"]
[SourceDate "1997.11.17"]
[SourceVersion "1"]
[SourceVersionDate "1997.11.17"]
[SourceQuality "1"]

1. c4 e6 2. e4 c5 3. Nc3 Nc6 4. Nf3 Nf6 5. d4 cxd4 6. Nxd4 Bb4 7. Nxc6 bxc6 8. Bd3 e5 9. 0-0 0-0 10. Qe2 Be7 11. f4 d6 12. Kh1 exf4 13. Bxf4 Be6 14. e5 dxe5 15. Bxe5 Nd7 16. Rad1 g6 17. Bg3 Qa5 18. Be4 Rac8 19. Bf3 Nb6 20. Be1 Bb4 21. Ne4 Bxe1 22. Rfxe1 Bxc4 23. Nf6+ Kg7 24. Qe7 Rcd8 25. b4 Nc8 26. Qxf8+ Rxf8 27. bxa5 Kxf6 28. Bxc6 Bxa2 29. Bd5 Bxd5 30. Rxd5 Kg7 31. Rd7 a6 32. Kg1 Kg8 33. Rb1 Re8 34. Rbb7 f5 35. Rg7+ Kh8 36. Rxh7+ Kg8 37. Rhg7+ Kh8 38. Rxg6 Re5 39. Rxa6 Ne7 40. Ra8+ Kg7 41. Raa7 1-0

[Event "Ljubljana op 6th"]
[Site "Ljubljana"]
[Date "1995.??.??"]
[Round "4"]
[White "Navinsek, Thomaz"]
[Black "Dizdar, Selim"]
[Result "0-1"]
[WhiteElo "2270"]
[BlackElo "2400"]
[PlyCount "72"]
[EventDate "1995.06.??"]
[EventType "swiss"]
[EventRounds "9"]
[EventCountry "SLO"]
[SourceTitle "EXT 1998"]
[Source "ChessBase"]
[SourceDate "1997.11.17"]
[SourceVersion "1"]
[SourceVersionDate "1997.11.17"]
[SourceQuality "1"]

1. d4 e6 2. e4 c5 3. d5 exd5 4. exd5 d6 5. Nc3 Nf6 6. Nf3 Be7 7. Bb5+ Nbd7 8. a4 0-0 9. 0-0 Ne5 10. Nd2 Bf5 11. Be2 h5 12. f4 Neg4 13. Nc4 h4 14. h3 Nh6 15. Ne3 a6 16. Bf3 Qd7 17. a5 Rae8 18. Ra4 Bd8 19. b3 Re7 20. Bd2 Rfe8 21. Qc1 Be4 22. f5 Bxf5 23. Rxh4 Bg6 24. Rf4 Bxa5 25. Nc4 Bxc3 26. Bxc3 Ne4 27. Bxe4 Rxe4 28. Qa1 Rxf4 29. Rxf4 f6 30. Bxf6 b5 31. Nb6 Qc7 32. Bxg7 Qxg7 33. Qxa6 Re1+ 34. Kf2 Qe5 35. Qc8+ Be8 36. Rf3 Re2+ 0-1

[Event "Ljubljana op 3rd"]
[Site "Ljubljana"]
[Date "1992.??.??"]
[Round "4"]
[White "Dvoirys, Semen I"]
[Black "Dizdar, Selim"]
[Result "1-0"]
[WhiteElo "2515"]
[BlackElo "2340"]
[PlyCount "107"]
[EventDate "1992.04.??"]
[EventType "swiss"]
[EventRounds "9"]
[EventCountry "SLO"]
[SourceTitle "TD"]
[Source "ChessBase"]
[SourceDate "1994.03.01"]
[SourceVersion "1"]
[SourceVersionDate "1994.03.01"]
[SourceQuality "1"]

1. e4 e6 2. d4 d5 3. Nd2 Nf6 4. e5 Nfd7 5. c3 c5 6. Bd3 Nc6 7. Ne2 cxd4 8. cxd4 Nb6 9. 0-0 a5 10. Nf3 Bd7 11. Bg5 Be7 12. Bxe7 Qxe7 13. a3 a4 14. Nc3 Na5 15. Nd2 0-0 16. Qh5 g6 17. Qh6 f5 18. exf6 Rxf6 19. Rac1 Raf8 20. Ne2 e5 21. Qe3 Re8 22. dxe5 Qxe5 23. Qc5 Nbc4 24. Nxc4 dxc4 25. Bxc4+ Nxc4 26. Qxc4+ Kg7 27. Nc3 Bc6 28. Rcd1 Rf4 29. Qd3 Rh4 30. Qg3 Qxg3 31. hxg3 Rg4 32. Rfe1 Rxe1+ 33. Rxe1 h5 34. Ne2 Re4 35. f3 Re3 36. Kf2 Rb3 37. Rb1 Bd5 38. Nc1 Rb6 39. Nd3 Rd6 40. Ke3 Re6+ 41. Kd4 Rd6 42. Kc3 Be6 43. Re1 Kf6 44. Nc5 Bf5 45. Re2 b6 46. Nxa4 Rd3+ 47. Kc4 b5+ 48. Kxb5 Rxa3 49. Nc5 Rb3+ 50. Kc4 Rb8 51. b4 g5 52. b5 Rb6 53. Ne4+ Kg6 54. Kc5 1-0

[Event "Zenica"]
[Site "Zenica"]
[Date "1989.??.??"]
[Round "5"]
[White "Dizdar, Selim"]
[Black "Vukic, Milan"]
[Result "1/2-1/2"]
[WhiteElo "2325"]
[BlackElo "2495"]
[PlyCount "79"]
[EventDate "1989.04.??"]
[EventType "tourn"]
[EventRounds "11"]
[EventCountry "YUG"]
[EventCategory "10"]
[SourceTitle "EXT 1997"]
[Source "ChessBase"]
[SourceDate "1996.11.15"]
[SourceVersion "1"]
[SourceVersionDate "1996.11.15"]
[SourceQuality "1"]

1. e4 c5 2. Nc3 Nc6 3. f4 g6 4. Nf3 Bg7 5. g3 d6 6. Bg2 e6 7. 0-0 Nge7 8. Ne2 b6 9. c3 0-0 10. d4 Ba6 11. Re1 Rc8 12. Be3 h6 13. Bf2 Kh7 14. Qa4 Bxe2 15. Rxe2 Qc7 16. Rd1 Rfd8 17. d5 exd5 18. exd5 Na5 19. Rde1 Ng8 20. h4 Rb8 21. h5 gxh5 22. Nh4 Kh8 23. Nf5 b5 24. Qc2 Nc4 25. Nxg7 Kxg7 26. b4 Nf6 27. Re7 Rd7 28. Rxd7 Nxd7 29. Re7 Qd8 30. Qe2 Kf8 31. Rxd7 Qxd7 32. Qxh5 Kg7 33. bxc5 dxc5 34. Bxc5 Re8 35. Bd4+ f6 36. Bh3 Qf7 37. Qg4+ Kh7 38. Qf5+ Kg7 39. Qg4+ Kh7 40. Qf5+ 1/2-1/2